| Tag |
First Indicator |
Second Indicator |
Subfields |
| LEADER |
00000cam a22000001a 4500 |
| 001 |
in00004100830 |
| 005 |
20200117091246.0 |
| 006 |
m d f |
| 007 |
cr bn mmmapmmp |
| 008 |
100611s2008 dcu o f000 0 eng d |
| 035 |
|
|
|a chdc201000233
|
| 040 |
|
|
|a UMI
|c UMI
|d UtOrBLW
|
| 042 |
|
|
|a pcc
|
| 043 |
|
|
|a n-us---
|
| 074 |
|
|
|a 1019-A-01
|
| 086 |
0 |
|
|a Y 4.C 73/8:110-93
|
| 088 |
|
|
|a Serial no. 110-93 (United States. Congress. House. Committee on Energy and Commerce)
|
| 110 |
1 |
|
|a United States.
|b Congress.
|b House.
|b Committee on Energy and Commerce.
|b Subcommittee on Commerce, Trade, and Consumer Protection.
|0 http://id.loc.gov/authorities/names/no2001059541
|
| 245 |
1 |
0 |
|a Drugs in sports :
|b compromising the health of athletes and undermining the integrity of competition : hearing before the Subcommittee on Commerce, Trade, and Consumer Protection of the Committee on Energy and Commerce, House of Representatives, One Hundred Tenth Congress, second session, February 27, 2008.
|
| 264 |
|
1 |
|a Washington :
|b U.S. G.P.O.,
|c 2008.
|
| 264 |
|
2 |
|a Washington :
|b For sale by the Supt. of Docs., U.S. G.P.O.
|
| 300 |
|
|
|a vi, 181 pages, digital, PDF file.
|
| 336 |
|
|
|a text
|b txt
|2 rdacontent
|
| 337 |
|
|
|a computer
|b c
|2 rdamedia
|
| 338 |
|
|
|a online resource
|b cr
|2 rdacarrier
|
| 500 |
|
|
|a "Printed for the use of the Committee on Energy and Commerce."
|
| 500 |
|
|
|a Shipping list number: 2010-0140-P.
|
| 500 |
|
|
|a "Serial number 110-93."
|
| 500 |
|
|
|a "49-522 PDF."
|
| 500 |
|
|
|a Record is based on bibliographic data in ProQuest Congressional Hearings Digital Collection. Reuse except for individual research requires license from ProQuest, LLC.
|
| 500 |
|
|
|a Electronic resource.
|
| 533 |
|
|
|a Electronic reproduction.
|b [Bethesda, Md.] :
|c ProQuest,
|d 2010.
|e digital, PDF file.
|n ProQuest U.S. Congressional Hearings Digital Collection.
|n Mode of access: World Wide Web via ProQuest website.
|
| 538 |
|
|
|a System requirements: PDF reader software.
|
| 650 |
|
0 |
|a Athletes
|x Drug use
|z United States.
|
| 650 |
|
0 |
|a Doping in sports
|z United States.
|0 http://id.loc.gov/authorities/subjects/sh2009123723
|
| 650 |
|
0 |
|a Anabolic steroids
|x Physiological effect.
|
| 650 |
|
0 |
|a Sports
|x Corrupt practices
|z United States.
|0 http://id.loc.gov/authorities/subjects/sh2010114523
|
| 776 |
0 |
8 |
|i Print version:
|a United States. Congress. House. Committee on Energy and Commerce. Subcommittee on Commerce, Trade, and Consumer Protection.
|t Drugs in sports
|w 9780160852565
|w 0160852560
|w (OCoLC)ocn605876029
|z 2010443252
|
| 776 |
0 |
8 |
|i Microfiche version:
|a United States. Congress. House. Committee on Energy and Commerce. Subcommittee on Commerce, Trade, and Consumer Protection.
|t Drugs in sports
|d [Bethesda, Md.] : ProQuest,[2010]
|o CIS 2010 H361-7
|w (ProQuest)cis01000398
|
| 856 |
4 |
0 |
|u http://proxy.library.tamu.edu/login?url=http://search.proquest.com/congcomp/getdoc?HEARING-ID=HRG-2008-HEC-0023
|y Electronic resource (PDF)
|t 0
|
| 998 |
|
|
|a cis01000398
|
| 999 |
f |
f |
|s aa97cb61-e7b6-39c1-bc58-a095fced8ae7
|i 5ce4a54c-3ddc-384f-8f41-0a08e44bfc6b
|t 0
|
| 952 |
f |
f |
|a Texas A&M University
|b College Station
|c Electronic Resources
|d Available Online
|t 0
|e Y 4.C 73/8:110-93
|h Superintendent of Documents classification
|
| 998 |
f |
f |
|a Y 4.C 73/8:110-93
|t 0
|l Available Online
|